000 00831nam a2200265Ia 4500
003 OSt
005 20220923231028.0
006 a|||||r|||| 00| 0
007 ta
008 220922b |||||||| |||| 00| 0 pan d
020 _c245
024 _a354,905
037 _b1389, 25/12/2021, H.K. Prakashan
_cTextual
040 _aARTS
_cARTS
_bpan
041 _2pan
_apan
082 _aY15, 153R1
100 _aਗੀਤਾF੍ਰੀ, ਂਚ.
_9169281
245 0 _aਤੀਵੀ੍ਵਆਂ ਦੀ ਮੰਡੀ
260 _aਦਿੱਲੀ
_b ਰੀਥੀੰਕ ਫਾਉਡੇਸਨ
_c2021
300 _a253ਪ੍ਰ0
_ccm.
650 _a ਔਰਤਾਂ
650 _aਲੇਖ
942 _hY15, 153R1
_cTEXL
_2CC
999 _c388871
_d388871